[Event "RUS-ch 68th"]
[Site "Chita"]
[Date "2015.08.18"]
[Round "9"]
[White "Karjakin, Sergey"]
[Black "Svidler, Peter"]
[Result "1-0"]
[WhiteElo "2753"]
[BlackElo "2739"]
[Annotator "Sagar Shah/Mokal,A"]
[PlyCount "83"]
[EventDate "2015.08.09"]
[EventType "tourn"]
[EventRounds "11"]
[EventCountry "RUS"]
[EventCategory "18"]
[SourceTitle "CBM 168"]
[Source "ChessBase"]
[SourceDate "2015.09.14"]
[SourceVersion "1"]
[SourceVersionDate "2015.09.14"]
[SourceQuality "1"]

1. e4 e5 2. Nf3 Nc6 3. Bb5 a6 4. Ba4 Nf6 5. O-O b5 6. Bb3 Bc5 {Svidler is one
of the experts in the Arkhangelsk Variation of the Ruy Lopez.} 7. c3 d6 8. a4 {
This is the second most popular move in the position.} ({The most frequently
played move is} 8. d4 Bb6 9. h3 (9. a4 Rb8 {transposes to the game.}) 9... O-O
10. Re1 {and so on.}) 8... Rb8 9. d4 Bb6 10. axb5 axb5 11. Na3 O-O 12. Nxb5 Bg4
{Black gives up the b5-pawn to set up this irritating pin as well as pressure
on the d4-pawn.} 13. d5 (13. Bc2 Bxf3 14. gxf3 Nh5 15. f4 Nxf4 16. Bxf4 exf4
17. Qg4 {is the main line with pretty good results for White.}) 13... Ne7 14.
Bc2 Qd7 15. c4 Ng6 16. h3 Bxh3 $5 {One could say this is a brave move but on
the other hand if you look at it closely, it is practically forced. The most
interesting thing to note here is that this same sacrifice had been played
nine years ago against Karjakin by Radjabov when the Ukrainian GM was just 16
years old with a rating of 2672!} (16... Bh5 17. Qd3 $16 {followed by Bd2
gives Black absolutely no compensation for the pawn.}) (16... Bxf3 17. Qxf3 $16
{is also clearly better for White.}) 17. gxh3 Qxh3 {All these moves were made
quickly by Svidler which means he was still in his preparation.} 18. Ng5 $1 {
The only defensive move available to White. Considering all the
trainspositions we have now reached a position that has been played nine times
according to the Mega database.} (18. Ra3 $2 {looks logical but after} Ng4 {
The knight cannot move from f3 due to the mate threat on h2 and the other
knight is coming soon to h4.} 19. Bg5 Qg3+ 20. Kh1 Bxf2 {A deadly check is
coming up on h3.} 21. Qe2 (21. Rxf2 Nxf2#) 21... Qh3+ 22. Nh2 Qxh2#) (18. Nh2
Nh4 $1 $19 {leads to a quick mate.}) 18... Qg3+ 19. Kh1 Qh4+ (19... Bxf2 $2 20.
Ra3 Qh4+ 21. Rh3 $18) 20. Kg2 Nf4+ (20... Ng4 {looks interesting though White
can defend everything in just one move.} 21. Nf3 $1 $18 {is simply winning!} (
21. Nh3 {I had a subtle idea of sacrificing the queen after} Bxf2 $2 {But
White throws in the intermediate} (21... Nf4+ $5 22. Bxf4 exf4 23. Qf3 g5 $13)
22. Ra3 $1 {When the game is over.} (22. Rxf2 Qxh3+ 23. Kxh3 Nxf2+ 24. Kg3 Nxd1
25. Bxd1 $14 {is also slightly better for White.}) 22... Bc5 23. Rg3 $18)) (
20... Nh5 21. Nh3 $16) ({The game Karjakin-Radjabov 2006 went} 20... h6 21. Nh3
Nxe4 22. Qe2 f5 23. Ra3 Rf6 24. Rh1 Rbf8 25. b4 $16 {When White is better but
the position remains complicated and both players went wrong several times in
the game. 1-0 (45) Karjakin,S (2672)-Radjabov,T (2729) Cap d'Agde 2006}) 21.
Bxf4 exf4 22. Nf3 Qg4+ 23. Kh1 Rfe8 $1 {A very strong move by Svidler bringing
a new piece into the game.} 24. Ra3 {This was played after 18 minutes of
thought. The rook stands well on a3 and will help in the defence.} (24. Nh2 Qh4
25. Qf3 (25. f3 Nh5 $19) 25... Re5 $1 26. Rg1 Bxf2 27. Rg2 Bg3 28. Nd4 g6 {
[%cal Ge5h5] stopping Nf5 and preparing Rh5.} 29. Ne2 Rg5 $17) 24... Nxe4 25.
Bxe4 Rxe4 26. Rc3 Ba5 $6 {Moving the bishop away from the b6-square was a
mistake as we shall see in the game. It is well placed on the a7-g1 diagonal
and on the new one (a5-e1) it does nothing much.} ({The right way to continue
would be} 26... Qh5+ 27. Nh2 (27. Kg2 Qg4+ 28. Kh1 Qh5+ $11) 27... Qxd1 28.
Rxd1 Re2 $1 {Black has two pawns for a piece and now wins the third one.} 29.
b4 Bxf2 $11 {+/=.Black should have excellent chances to hold this position.})
27. Rc1 Rbe8 28. Nh2 Qh4 (28... Qxd1 29. Rfxd1 Re2 30. b4 $1 $16 {[%csl Rc7]})
29. Nd4 {This move would not have been possible had the bishop been on b6.} h5
30. Qd3 Qf6 31. Nc6 Bb6 $6 ({A tricky attempt would have been} 31... f3 $5 32.
Nxf3 (32. Nxa5 Rh4 $19 {with the threat of Rxh2 and Qh4 gives Black a winning
position.}) (32. Qxf3 Rf4 33. Qd3 Bb6 34. Qc3 Qh4 $13 {When things are not at
all clear.}) 32... Bb6 {Black is still in the game.}) 32. b4 $1 f3 33. Qxf3 Rf4
34. Qc3 {The threat of c4-c5 forces Black to exchange the queens.} Qxc3 (34...
Qh4 35. c5 $18) 35. Rxc3 Bxf2 36. Rf3 Rxf3 37. Nxf3 {Black has only two pawns
for a piece and is facing a strong pawn majority on the queenside. It should
not be too difficult for Karjakin to convert this.} Re2 38. Ng5 f6 $2 (38...
Rc2 $142 39. Ne6 $5 (39. Nxf7 $5 Kxf7 40. Kg2 Rxc4 41. Rxf2+ Kg6 42. Rf8 $16)
39... fxe6 40. dxe6 Bh4 (40... Kf8 41. Ra1 $18) 41. e7 Bxe7 42. Nxe7+ Kh7 43.
Rf4 {Black will have his task cut out to make a draw here but maybe he still
has some chances.} g5 44. Re4 $14) 39. Ne6 {Now it's all over.} h4 40. Nxc7 Bg3
41. Ne6 Rc2 42. b5 {The pawns cannot be stopped, hence Peter resigned. A very
interesting practical sacrifice by Svidler which was defended excellently by
Karjakin.} 1-0

[Event "London Classic 3rd"]
[Site "London"]
[Date "2011.12.04"]
[Round "2"]
[White "McShane, Luke J"]
[Black "Carlsen, Magnus"]
[Result "1/2-1/2"]
[WhiteElo "2671"]
[BlackElo "2826"]
[Annotator "Saunders,J"]
[PlyCount "166"]
[EventDate "2011.12.03"]
[EventType "tourn"]
[EventRounds "9"]
[EventCountry "ENG"]
[EventCategory "20"]
[SourceTitle "CBM 146"]
[Source "ChessBase"]
[SourceDate "2012.01.18"]
[SourceVersion "1"]
[SourceVersionDate "2012.01.18"]
[SourceQuality "1"]

1. e4 e5 2. Nf3 Nc6 3. Bb5 a6 4. Ba4 Nf6 5. O-O b5 6. Bb3 Bc5 7. c3 d6 8. a4
Rb8 9. d4 Bb6 10. axb5 axb5 11. Qd3 {This line for Black is unappealing for
the materialists amongst us as in involves giving up the b-pawn.} O-O 12. Bg5
h6 13. Bxf6 Qxf6 14. Qxb5 Na7 {And it involves putting the knight on what
looks like a revolting square. It reminds me of Muhammed Ali and his
'rope-a-dope' tactics. We know the guy is good at what he does but the tactic
doesn't look too smart for all that.} 15. Qa4 Qg6 16. Re1 Bh3 17. g3 Qf6 18.
Nbd2 {Black has succeeded in weakening some squares around the kingside and he
has the two bishops. But give me Luke's extra pawn any day.} Rbd8 19. Qc4 g5
20. Qd3 Bg4 21. Nc4 Nc6 {[diag]} 22. Nxb6 ({If you downloaded the game within
12 hours of the game being played, you might find your copy of the game score
says} 22. Re3 {here. It's wrong, so please amend to what you see here. Some
gremlin crept into our broadcasting system yesterday and garbled the score. It
was only when I looked at the score critically today, with my favourite engine,
switched on that the error made itself apparent. I checked with the arbiters
and they told me the score was as given in the text.}) 22... cxb6 23. Re3 {
Magnus is doing his best to probe various weaknesses in Luke's position but
he's not really getting anywhere. A pawn is still a pawn and Luke is better.}
Kg7 24. Kg2 h5 25. h3 Bd7 26. Ba4 Ra8 27. Bxc6 Bxc6 28. Rxa8 Rxa8 29. Qc4 Rc8
30. Qa6 Rb8 31. d5 Bd7 32. h4 {Luke can't stop the black pawn coming to g4 but
he doesn't want to have to exchange the h-pawn when it arrives and risk
opening the h-file.} g4 33. Nd2 Qd8 34. Qa3 Qc7 35. Re1 b5 36. Ra1 b4 {Magnus
is getting desperate and trying to bluff his opponent.} 37. cxb4 Bb5 38. Qe3 f6
39. Qc3 (39. Ra7 Rb7 40. Rxb7 Qxb7 41. Qc3 {is possible but there are vague
chances of Black coming round the back of the white position with his queen
and perhaps establishing the bishop on f3.}) 39... Qb7 40. b3 Kg6 41. Rc1 Qb6
42. Kg1 Be2 43. Qc6 Qd8 ({Not falling for the devilish trap:} 43... Qxb4 $4 44.
Qd7 $1 {when} Qxd2 {loses to} 45. Qf5+ Kh6 46. Qxf6+ Kh7 {and now the white
rook enters the game with check:} 47. Rc7+ {and it's all over.}) 44. Nc4 Rxb4
45. Nxd6 Rb6 46. Qc2 Qxd6 47. Qxe2 Rxb3 48. Rd1 {The black queen cannot move
or the d-pawn would advance.} Rb4 49. Qc2 Rb8 50. Qc3 Ra8 51. Qc6 Rd8 (51...
Qxc6 52. dxc6 Rc8 53. Rc1 Kf7 54. f3 {and White can soon engineer a passed
pawn on the other flank.}) 52. Rb1 Qd7 53. Kg2 Qd6 54. Rb3 Qd7 55. Rb1 {
White gains time with repetitions.} Qd6 56. Rb3 Qd7 57. Qa6 ({Luke hesitates
but in truth it is very, very hard to come up with anything concrete here and
actually very easy for White to mess it up, e.g.} 57. Rb6 $6 Qxc6 58. dxc6 (58.
Rxc6 Ra8 {and the rook can menace the e-pawn and police the advance of the
d-pawn from d4}) 58... Rd1 {and Black can mount an ideal defence, cutting off
the king and preparing to play Rc1 and keep tabs on the c-pawn.}) 57... Qc8 58.
Qd3 Qc5 59. Rc3 Qb4 60. Rc4 {[diag] Time control reached but this is probably
an error.} Qe1 $1 {With seconds left on his clock, Magnus follows his
instincts. He cuts off his opponent's king and prepares to invade with his
rook via the a- or b-files.} 61. Qc3 Qxc3 62. Rxc3 Ra8 {Again, Magnus is
contemplating active defence behind the d-pawn, and also threatening the
e-pawn from the flank.} 63. Rd3 Kf7 64. f3 ({What to do? If} 64. Kf1 {Magnus
replies} Ra2 {to keep the king cut off}) ({if} 64. Rd2 {, Magnus can play} Ra3
{to stop f2-f3 and also keep the king at bay. Meanwhile the black king is near
enough to stop the advance of the d-pawn.}) 64... Ra2+ 65. Kf1 Ra1+ 66. Kf2
Ra2+ 67. Kf1 (67. Ke3 Rg2 {also leads nowhere.}) 67... Ra1+ 68. Ke2 Ra2+ 69.
Rd2 gxf3+ 70. Ke1 Ra4 71. d6 Rxe4+ 72. Kf2 {[diag]} Ke8 ({Is Luke in danger of
losing? No. Magnus doesn't fall for} 72... Re2+ $4 73. Rxe2 fxe2 {which looks
like a Black win until White bangs down} 74. g4 $3 {and White wins after all
with two passed pawns. The black king cannot intercept them both.}) 73. Kxf3
Ra4 74. d7+ Kd8 75. Rd6 {"Oh no!" IM Lawrence Trent in the commentary room
couldn't disguise his partisan sympathies and kept chanting this like the
chorus of a Greek tragedy. In truth it's a dead draw and the players could
stop now.} f5 76. Re6 Ra3+ 77. Kf2 e4 78. Rd6 Rf3+ 79. Kg2 f4 80. gxf4 Rxf4 81.
Kg3 Rf3+ 82. Kg2 Rf4 83. Kg3 Rf3+ 1/2-1/2

[Event "Szolnok Mezogep-Cup 4th"]
[Site "Szolnok"]
[Date "1987.06.??"]
[Round "?"]
[White "Schoeneberg, Manfred"]
[Black "Jacobs, Byron A"]
[Result "1-0"]
[WhiteElo "2325"]
[BlackElo "2335"]
[Annotator "Schoeneberg,M"]
[PlyCount "79"]
[EventDate "1987.06.22"]
[EventType "tourn"]
[EventRounds "15"]
[EventCountry "HUN"]
[EventCategory "4"]
[SourceTitle "EXT 2017"]
[Source "ChessBase"]
[SourceDate "2016.10.25"]
[SourceVersion "1"]
[SourceVersionDate "2016.10.25"]
[SourceQuality "1"]

{SCHACH 10/1987 Seite 18} 1. e4 e5 2. Nf3 Nc6 3. Bb5 a6 4. Ba4 Nf6 5. O-O b5 6.
Bb3 Bb7 {Die Archangelsker Variante. Ich wußte, daß sie mein Gegner spielte
und konnte mich vorbereiten.} 7. Re1 Bc5 8. c3 d6 9. d4 Bb6 10. Bg5 h6 11. Bh4
Qd7 {Der Modezug. Aus der Partie Rogers-Flear, 1986, kannte ich die vermutlich
beste Entgegnung.} 12. a4 O-O-O 13. axb5 axb5 14. Bxf6 gxf6 15. Bd5 f5 16. Qd3
$1 {Mein Gegner versank jetzt in längeres Nachdenken, um den Drohungen exf5
und Dxb5 zu begegnen.} exd4 {[#]} ({Auf} 16... fxe4 {folgt} 17. Bxe4 Kb8 18.
Na3 {mit Vorteil für Weiß, z.B.} exd4 19. Bf5 {mit Gewinn.}) 17. Qxb5 $1 Nb8
({Rogers-Flear:} 17... fxe4 18. Nxd4 Nb8 ({Auf} 18... Nxd4 {wäre} 19. Ra8+ $3
{mit Gewinn gefolgt.}) 19. Bxb7+ Kxb7 20. Rxe4 {mit klarem Vorteil.}) ({
Weitere Möglichkeiten sind} 17... Kb8 18. exf5) ({oder} 17... dxc3 18. Nxc3 {
immer mit Übergewicht für Weiß.}) 18. Qxd7+ Nxd7 19. Bxb7+ Kxb7 20. cxd4
fxe4 21. Rxe4 {Bei einem Bauern mehr ist der Sieg nur noch eine technische
Frage.} Rhe8 22. Nc3 Rxe4 23. Nxe4 Re8 24. Re1 $1 Ra8 (24... Kc6 25. d5+ $1 {
mit Gewinn}) 25. Nc3 Nf8 26. g3 Ng6 27. h4 h5 28. Kf1 Ra5 29. Ke2 Rf5 30. Rd1
Kc6 31. d5+ $1 {Jetzt ist der richtige Zeitpunkt!} Kd7 32. Nd4 Re5+ 33. Kd3
Bxd4 {Es drohte einfach f4 nebst Ne4, und die weißen Springer beherrschen das
Brett.} 34. Kxd4 c5+ 35. dxc6+ Kxc6 36. b4 Ne7 37. b5+ Kb6 38. Kc4 Nf5 39. Rd5
Rxd5 40. Nxd5+ 1-0

[Event "Reykjavik op"]
[Site "Reykjavik"]
[Date "2012.03.13"]
[Round "9"]
[White "Hou, Yifan"]
[Black "Caruana, Fabiano"]
[Result "1/2-1/2"]
[WhiteElo "2639"]
[BlackElo "2767"]
[Annotator "Schulz,Andre"]
[PlyCount "94"]
[EventDate "2012.03.06"]
[EventType "swiss"]
[EventRounds "9"]
[EventCountry "ISL"]
[SourceTitle "CBM 147 Extra"]
[Source "ChessBase"]
[SourceDate "2012.04.24"]
[SourceVersion "1"]
[SourceVersionDate "2012.04.24"]
[SourceQuality "1"]

1. e4 e5 2. Nf3 Nc6 3. Bb5 a6 4. Ba4 Nf6 5. O-O b5 6. Bb3 Bc5 7. c3 d6 8. d4
Bb6 9. h3 O-O 10. Be3 h6 11. Nbd2 Re8 12. Re1 {Soweit keine Überrschung für
die Weltmeisterin. Caruana spielt die Variante aber mit verschiedenen
Fortsetzungen.} Bd7 (12... Bb7 13. Bc2 Nb8 14. dxe5 dxe5 15. Bxb6 cxb6 16. c4
b4 17. Nf1 Nbd7 18. Qd2 Nc5 19. Qxb4 Nfxe4 20. Rad1 Qc7 21. Ne3 a5 22. Qa3 Rad8
23. Rxd8 Qxd8 24. Rd1 Qc7 {1/2-1/2 (24) Svidler,P (2739)-Caruana,F (2711)
Khanty-Mansiysk 2011}) 13. Qb1 (13. Bc2 Qb8 14. a3 a5 15. Bd3 Qa7 16. Bxb5 exd4
17. cxd4 Nxd4 18. Bxd7 Nxd7 19. Nxd4 Bxd4 20. Rc1 Bxe3 21. Rxe3 a4 22. Nf3 Rab8
23. Rc2 Nc5 24. Nd4 Qb7 25. Nf5 g6 26. Nxh6+ Kg7 27. Ng4 Nb3 28. Rc4 Re6 29.
Rxa4 c5 30. Rc4 Nd4 31. b4 Rxe4 32. bxc5 dxc5 33. Rxc5 Rf4 34. Rd3 Rd8 35. Qa1
Kh7 36. Nf6+ Kg7 37. Ng4 Kh7 38. Qf1 Ne2+ 39. Qxe2 Qb1+ 40. Kh2 Qxd3 41. Qe7
Qd6 42. Qh4+ Kg7 43. Rc6 Qxc6 44. Qxd8 Qc5 45. Qd2 Qd4 46. Qc1 Rf5 47. Kg1 Rc5
48. Qh6+ Kg8 49. Qe3 Qxe3 50. Nxe3 Rc3 51. h4 Rxa3 52. g3 Kg7 53. Kg2 Kf6 54.
Nd5+ Ke5 55. Nf4 Kf5 56. Nh3 Ra2 57. Kf3 f6 58. Nf4 Ra3+ 59. Kg2 g5 60. hxg5
fxg5 61. Nd5 Ke5 62. Ne3 Ke4 63. Ng4 Ra2 64. Nf6+ Kf5 {1/2-1/2 (64) Navara,D 
(2712)-Caruana,F (2736) Wijk aan Zee 2012}) 13... Na5 14. Bc2 c5 15. d5 c4 16.
b4 cxb3 17. axb3 Bxe3 18. Rxe3 Nb7 19. b4 Nh5 {Die Stellung befindet sich im
Gleichgewicht. Dem weißen Spiel am Damenflügel begegnet Schwarz zunächst
mit Gegenspiel am Königsflügel.} 20. Bd3 Nf4 21. Bf1 Rf8 22. c4 bxc4 23. Bxc4
a5 24. bxa5 Nxa5 {Besonders Caruana wurde allmählich die Zeit knapp...} 25.
Qb4 Nxc4 {Der menschliche "Normalzug"} ({Der Rechner votiert für} 25... Nc6
26. Rxa8 Nxb4 27. Rxd8 Rxd8 {usw.}) ({oder noch besser:} 25... Nxg2 $5 {
mit der Idee} 26. Kxg2 (26. Rea3 Bxh3 27. Rxa5 Rxa5 28. Rxa5 Nf4 {mit
unklarere Situation.}) 26... Nxc4 27. Rxa8 (27. Nxc4 Rxa1 28. Qxd6 Bxh3+ 29.
Kxh3 Qc8+ 30. Kg3 Rh1 $19) 27... Nxe3+ {Schach!} 28. fxe3 Qxa8 $19) 26. Rxa8
Qxa8 27. Nxc4 {Nun hat Schwarz Probleme mit dem schwachen d6.} Qa1+ 28. Re1 ({
Aber nicht} 28. Kh2 $2 Qf1 29. Ne1 Qxf2 $19) 28... Qa2 29. Nfd2 Rc8 ({Nach} 
29... Nd3 $2 30. Qb1 Qxb1 31. Rxb1 {ist der Bauer d6 und das Endspiel nicht
mehr zu retten.}) 30. Re3 (30. Rb1 $5 Rxc4 $1 31. Nxc4 Nd3 32. Qb6 Qxc4 33.
Qd8+ Kh7 34. Qxd7 $11) 30... Qc2 31. Kh2 Nd3 ({Richtig ist} 31... Qd1 32. Qb3
Qa1 33. Qb7 (33. Nxd6 $2 Rc1 34. Kg3 Rg1 $19) 33... Rxc4 34. Qxd7 (34. Nxc4 $2
Qf1 35. Rg3 Ne2 $19) 34... Rc1 35. Rb3 Rh1+ (35... Rg1 $2 36. Rb8+ Kh7 37. Qf5+
Ng6 38. Qxf7 $18) 36. Kg3 Rxh3+ $1 37. gxh3 Qg1+ 38. Kf3 Qd1+ 39. Kg3 (39. Ke3
Qe2#) 39... Qg1+ $11 {Dauerschach.}) 32. Qb7 $18 {Bei beiderseitig zunehmend
knapper Bedenkzeit ist die Partie messerscharf geworden. Die Engines sehen
Weiß jetzt entscheiden im Vorteil.} Nc5 33. Qb6 Nd3 34. Nxd6 ({Verwickelt,
aber gut ist} 34. Qxd6 Bb5 (34... Bxh3 $5 35. Rxh3 Nxf2 36. Rg3 Qc1 37. Rxg7+
$1 Kxg7 38. Qxe5+ Kg8 39. Qg3+ Kf8 40. Qxf2 Rxc4 41. Nxc4 Qxc4 42. Qf4 $18) 35.
Rg3 Bxc4 36. Qf6 g6 37. Rxg6+ $1 fxg6 38. Qe6+ Kf8 39. Qxc8+ Kg7 40. Nxc4 Qxf2
41. Qg4 $18) 34... Rf8 35. N6c4 Nxf2 36. Qb1 (36. Qb3 $5 Qxb3 37. Rxb3 $18)
36... Qxb1 37. Nxb1 Bb5 38. Nba3 Ba6 39. Nxe5 Re8 40. d6 $1 Bb7 (40... Rxe5 41.
d7 $18) 41. Nxf7 $2 {Der erste Zug nach der Zeitkontrolle. Diese Idee führt
nicht zum Gewinn.} ({Der Rechner sieht hier:} 41. Nd7 $5 Nxe4 (41... Rxe4 42.
Nc5 Rxe3 43. d7) 42. Nc5 Nxd6 43. Rxe8+ Nxe8 44. Nxb7 $16 {Ist es gewonnen?}) (
{"Normal" war} 41. Nac4 Nxe4 42. d7 Rd8 43. Na5 Bd5 44. Rd3 Nf6 45. Rxd5 Nxd5
46. Nac6 Rxd7 47. Nxd7 $16 {Und am Ende bleibt Weiß hier vielleicht auch auch
mit König und Springer gegen König über.}) 41... Kxf7 42. Rf3+ Ke6 43. Nb5
Rb8 44. Rxf2 Bxe4 45. Re2 Rxb5 46. Rxe4+ Kxd6 47. Kg3 Kd5 1/2-1/2

[Event "Stockholm"]
[Site "Stockholm"]
[Date "1990.??.??"]
[Round "?"]
[White "Hellers, Ferdinand"]
[Black "Shirov, Alexei"]
[Result "0-1"]
[WhiteElo "2520"]
[BlackElo "2580"]
[Annotator "Schussler,H"]
[PlyCount "82"]
[EventDate "1990.??.??"]
[EventType "tourn"]
[EventRounds "9"]
[EventCountry "SWE"]
[EventCategory "11"]
[SourceTitle "CBM 022"]
[Source "ChessBase"]
[SourceDate "1991.06.01"]
[SourceVersion "1"]
[SourceVersionDate "1991.06.01"]
[SourceQuality "1"]

1. e4 e5 2. Nf3 Nc6 3. Bb5 a6 4. Ba4 Nf6 5. O-O b5 6. Bb3 Bb7 7. c3 Nxe4 8. d4
Na5 9. Bc2 exd4 10. b4 Nc4 11. Bxe4 Bxe4 12. Re1 d5 13. Nxd4 c5 14. bxc5 Bxc5
15. f3 O-O 16. fxe4 dxe4 17. Rxe4 Qd5 18. Qf3 Ne5 (18... b4 19. Kf1 Rad8 20.
Nb3 Ba7 21. N1d2 Nxd2+ 22. Bxd2 bxc3 23. Bxc3 $10) 19. Qf5 Rae8 20. Nd2 b4 21.
Rh4 g6 22. Ne4 $1 Bxd4+ {22. - gxf5 23.Nf6 + -} 23. cxd4 Qxd4+ 24. Qf2 Qd1+ 25.
Qf1 Qd4+ 26. Qf2 Qd1+ 27. Qf1 Qd4+ 28. Kh1 $2 $17 {28.Qf2 =} Ng4 29. Bf4 $1 h5
30. Rxg4 hxg4 31. Ng3 Re6 $1 32. Rd1 Qb2 33. Rd2 Qc3 34. h4 $2 gxh3 35. gxh3 g5
$1 36. Kh2 gxf4 37. Qxf4 Rfe8 38. Rg2 Rg6 39. Rf2 f6 40. Nh5 Rf8 41. Qf5 Qe5+
0-1

[Event "Oakham YM"]
[Site "Oakham"]
[Date "1992.??.??"]
[Round "8"]
[White "Hall, Jesper"]
[Black "Collinson, Adam"]
[Result "1-0"]
[WhiteElo "2370"]
[BlackElo "2335"]
[Annotator "Schussler,H"]
[PlyCount "43"]
[EventDate "1992.03.??"]
[EventType "swiss"]
[EventRounds "9"]
[EventCountry "ENG"]
[SourceTitle "CBM 030"]
[Source "ChessBase"]
[SourceDate "1992.10.01"]
[SourceVersion "1"]
[SourceVersionDate "1992.10.01"]
[SourceQuality "1"]

1. e4 e5 2. Nf3 Nc6 3. Bb5 a6 4. Ba4 Nf6 5. O-O b5 6. Bb3 Bb7 7. c3 Nxe4 (7...
h6 8. d4 d6 9. Nbd2 g6 10. Bc2 Bg7 11. b3 O-O 12. Bb2 Re8 13. d5 Nb8 14. c4
Nbd7 15. Qe2 $14 {Vitolinsh-Kozlov/URS/1975/}) (7... Be7 8. d4 d6 9. Nbd2 O-O
10. Bc2 Re8 11. Nb3 exd4 12. cxd4 Nb4 13. d5 $1 $14 {Bronstein-Cseshkovsky/URS/
1974/ -> Inf.18/293}) 8. d4 Na5 (8... exd4 9. Re1 Na5 (9... d5 10. Ng5 Be7 11.
Rxe4 dxe4 12. Nxf7 $16 {Mecking,H-Harandi,H/Manila izt/1976/1-0/33/}) 10. Ng5
$5 (10. Nbd2 $5 d5 11. Bxd5 $1 $14) 10... d5 11. Qh5 g6 12. Nxe4 $1 $18 gxh5
13. Nf6#) (8... Be7 9. Qe2 d5 10. dxe5 Na5 11. Bc2 c5 12. Nbd2 Nxd2 13. Bxd2
Nc4 14. Bf4 O-O 15. b3 Nb6 16. e6 $1 $16 {Kindermann,S-Nikolic,Pr/München/1990/
1-0/33/}) 9. Nxe5 (9. Bc2 exd4 10. b4 Nc4 11. Bxe4 Bxe4 12. Re1 d5 13. Nxd4 c5
$1 (13... Bd6 $5 14. f3 Qh4 15. h3 Qg3 $13) 14. bxc5 Bxc5 15. f3 O-O 16. fxe4
dxe4 17. Rxe4 Qd5 $13) 9... Nxb3 10. Qxb3 Qf6 11. f3 Nc5 (11... Nd6 12. a4 Be7
13. axb5 axb5 14. Rxa8+ Bxa8 15. Qa2 $14) 12. Ng4 $1 (12. Qd1 Ne6 13. a4 (13.
f4) 13... Bd6 14. Qe2 c5 15. axb5 cxd4 16. Nc4 Bc5 17. cxd4 Bxd4+ 18. Kh1 O-O
$15 {Anand,V-Mikhalchishin,A/Moscow-GMA op/1989/0-1/42/}) 12... Nxb3 13. Nxf6+
Ke7 $2 (13... gxf6 $1 $14 {Gdanski,J-Volzhin,A/Oakham/1992/1-0/64/  -> CBM 30})
14. Bg5 $1 Nxa1 15. Re1+ $18 Kd6 16. Bf4+ Kc6 17. d5+ Kc5 {-+ [P.Wolff in
Informator 52/335], but ...} (17... Kb6 18. Nxd7+ Ka5 {Or 18. - Ka7 19.Be3+ + -
} 19. Bxc7+ Ka4 20. Nb6+ $18) 18. b4+ Kc4 19. Na3+ $1 Kxc3 20. Ne4+ Kxb4 (20...
Kd3 21. Rd1+ Ke2 22. Nc3#) 21. Rb1+ Kxa3 (21... Ka4 22. Nc3+ Ka5 23. Bxc7#) (
21... Ka5 22. Bxc7+ Ka4 23. Nc3+ Kxa3 24. Bf4 $18) 22. Nc3 {/\Bc1# All of
these moves are published in Inf.53/330 [analysis:Christiansen,L] as an
improvement of the analysis of P.Wolff in 52/335. Collinson read the Inf53
five minutes before the game, but overlooked the decisive note.} 1-0